000 00579nam a22001817a 4500
005 20251108172900.0
008 250721s2004 xx 000 0 ara d
082 1 4 _a346.02/فار
100 1 _aفارس، علي فارس
245 1 0 _aسلطات و موجبات الوكيل و انتهاء وكالته في القانون المقارن /
264 1 _aبيروت :
_bمنشورات الحلبي الحقوقيه،
_c2004.
300 _a328 ص.
650 1 7 _aالعقود
650 1 7 _aالتوكيل
650 1 7 _aالقانون
942 _2ddc
_cBK
999 _c90849
_d90849